000 00555nam a2200217Ia 4500
001 41016
005 20240114003402.0
007 ta
008 080202s1973 g b000 u 465 u
040 _aCotton College,Assam
041 _a465
082 _a310
_bG 959 In
100 _a.Gupta, C.B..
245 0 _aAn Introduction to Statistical Methods /
_cC.B.Gupta.
_hTextual Documents
250 _aRev /
260 _aNew Delhi :
_bVikas ,
_c1973.
653 _aT/G-Statistics
942 _2ddc
_cBK
999 _c40986
_d40986